Music Quiz

Random Music or Lyrics Quiz

Lyrics: Travelin' Band by Creedence Clearwater Revival Quiz Stats

 Plays Quiz not verified by Sporcle

Score 0/224 Timer 06:00
0 Plays Today
Lyrics % Correct
the
98.1%
a
98.1%
I
98.1%
a
98.1%
travelin'
98.1%
band
98.1%
I'm
98.1%
the
98.1%
a
98.1%
a
98.1%
travelin'
98.1%
band
98.1%
the
98.1%
the
98.1%
the
98.1%
a
98.1%
travelin'
98.1%
band
98.1%
the
98.1%
a
98.1%
a
98.1%
travelin'
98.1%
band
98.1%
a
98.1%
the
98.1%
I
98.1%
a
98.1%
travelin'
98.1%
band
98.1%
the
98.1%
a
98.1%
a
98.1%
travelin'
98.1%
band
98.1%
the
98.1%
travelin'
98.1%
band
98.1%
a
98.1%
I
98.1%
travelin'
98.1%
a
98.1%
a
98.1%
the
98.1%
band
98.1%
a
98.1%
travelin'
98.1%
band
98.1%
a
98.1%
travelin'
98.1%
band
98.1%
a
98.1%
travelin'
98.1%
band
98.1%
the
98.1%
a
98.1%
a
98.1%
travelin'
98.1%
band
98.1%
I'm
95.2%
a
95.2%
I'm
95.2%
I'm
95.2%
I'm
95.2%
I'm
95.2%
I'm
95.2%
to
91.3%
in
91.3%
to
91.3%
in
91.3%
to
91.3%
to
91.3%
in
91.3%
to
91.3%
in
91.3%
to
91.3%
Lyrics % Correct
in
91.3%
to
91.3%
in
91.3%
to
91.3%
in
91.3%
to
91.3%
in
91.3%
to
91.3%
in
91.3%
in
91.3%
in
91.3%
to
91.3%
in
91.3%
on
89.4%
on
89.4%
on
89.4%
on
89.4%
you
87.5%
Playin'
87.5%
Playin'
87.5%
Playin'
87.5%
Playin'
87.5%
you
87.5%
Playin'
87.5%
Playin'
87.5%
Playin'
87.5%
you
87.5%
Playin'
87.5%
playin'
87.5%
Playin'
87.5%
you
87.5%
playin'
87.5%
Playin'
87.5%
me
86.5%
me
86.5%
me
86.5%
me
86.5%
me,
86.5%
get
84.6%
get
84.6%
get
84.6%
get
84.6%
get
84.6%
get
84.6%
get
84.6%
get
84.6%
we
83.7%
of
82.7%
take
82.7%
hand
82.7%
hand
82.7%
hand
82.7%
Take
82.7%
hand
82.7%
take
82.7%
hand
82.7%
hand
82.7%
Yeah!
78.8%
Yeah!
78.8%
Yeah!
78.8%
Yeah!
78.8%
Won't
76.9%
won't
76.9%
Won't
76.9%
Won't
76.9%
tryin'
76%
tryin'
76%
tryin'
76%
Oh,
76%
oh
76%
tryin'
76%
Oh
76%
Tryin'
76%
Oh!
76%
Well
75%
Lyrics % Correct
Well
75%
Well
75%
my
75%
well
75%
Well
75%
my
75%
Well
75%
Well
75%
out
74%
wanna
73.1%
wanna
73.1%
wanna
73.1%
wanna
73.1%
down
70.2%
move
70.2%
land
70.2%
got
70.2%
move
70.2%
land
70.2%
move
70.2%
land
70.2%
move
70.2%
land
70.2%
land
70.2%
comin'
67.3%
sky
67.3%
ride
67.3%
come
67.3%
come
67.3%
Come
67.3%
Seven
66.3%
seven
66.3%
and
66.3%
midnight
64.4%
'cross
64.4%
'cross
64.4%
'cross
64.4%
hotel
64.4%
'cross
64.4%
'cross
64.4%
Memphis
63.5%
flyin'
63.5%
flyin'
63.5%
flyin'
63.5%
flyin'
63.5%
flyin'
63.5%
thirty
62.5%
room
61.5%
Someone
60.6%
had
60.6%
show
59.6%
night
58.7%
call
56.7%
state
55.8%
your
54.8%
militia
53.8%
Here
53.8%
last
52.9%
baggage
52.9%
Saturday
51.9%
'bout
51%
gone
51%
excited
50%
with
48.1%
talkin'
46.2%
again
43.3%
fightin'
40.4%
fussin'
39.4%
radio
38.5%
Listen
36.5%
Hey!
32.7%
wow!
14.4%
Wow!
14.4%
rhyme?
9.6%

You're not logged in!

Compare scores with friends on all Sporcle quizzes.
OR
Log In

Sporcle TV

Today on Sporcle TV


Watch our educational content, quiz creation guides, and fun videos on Sporcle TV.

Show Comments

Extras

Top Quizzes Today


Score Distribution

Your Account Isn't Verified!

In order to create a playlist on Sporcle, you need to verify the email address you used during registration. Go to your Sporcle Settings to finish the process.

Report this User

Report this user for behavior that violates our Community Guidelines.

Details: